Elenca la formazione - Quiz n°290 - Statistics

Statistiche generali
  • Questo quiz è stato fatto 32 volte
  • Il punteggio medio è 4 su 11
Statistiche sulle risposte
Ruolo Club dell'epoca Calciatore % Corretto
Portiere Olympique Lione Hugo Lloris
80%
Ala Bayern Monaco Franck Ribéry
72%
Difensore Arsenal Bacary Sagna
64%
Difensore Arsenal Gaël Clichy
48%
Difensore Arsenal William Gallas
48%
Trequartista Bordeaux Yoann Gourcuff
28%
Ala Tolosa André-Pierre Gignac
16%
Attaccante Panathīnaïkos Djibril Cissé
12%
Centrocampista Bordeaux Alou Diarra
8%
Difensore Siviglia Sébastien Squillaci
4%
Centrocampista Arsenal Abou Diaby
0%
Nessun quiz corrispondente trovato
Distribuzione punteggi
Percentuale di utenti per punteggio
Percentile per numero di risposta
I tuoi punteggi nel tempo
Non hai fatto questo quiz